000 00623nam a22002171a 4500
001 31636
003 BD-RjUL
005 20211209051729.0
008 140421s1962 enk 00110 eng d
035 _a(BD-RjUL)31724
040 _aDLC
_beng
_cDLC
_dBD-RjUL
041 _aeng
082 _a192
_bDOL 1962
100 1 _aDonagan, Alan.
_996273
245 1 4 _aThe later philosophy of R. G. Collingwood /
_cby Alan Donogan.
260 _aOxford :
_bClarendon Press,
_cc1962.
300 _axi, 332p. ;
_c23cm.
504 _aIncludes index.
600 1 0 _aCollingwood, R. G.
_q(Robin George),
_d1889-1943.
_92835
942 _2ddc
_cBK
999 _c31636
_d31636